000 00397nam a2200169Ia 4500
008 230524s9999 xx 000 0 und d
020 _a007463349X
082 _a5.13
_bRAV
100 _aD.Ravichandran
_915023
245 0 _aProgramming with C++
250 _a2ND
260 _aNEW DELHI
_bTMH
_c2004
300 _aXIX;685
500 _aQuantity Number: 11
650 _aComp-Sc
942 _cBK
999 _c22518
_d22518